| 000 | 00736cam a22002413a 4500 | ||
|---|---|---|---|
| 001 | 12703 | ||
| 003 | PGUSA | ||
| 005 | 20140828083255.0 | ||
| 008 | 040601s2004||||xxu|||||s|||||000 | eng d | ||
| 040 |
_aPGUSA _beng |
||
| 042 | _adc | ||
| 050 | 4 | _aPZ | |
| 100 | 1 |
_aAndersen, H. C. _q(Hans Christian), _d1805-1875 |
|
| 245 | 1 | 4 |
_aThe Little Match Girl _h[electronic resource] / _cH. C. Andersen |
| 260 |
_bProject Gutenberg, _c2004 |
||
| 506 | _aCopyrighted. Read the copyright notice inside this book for details. | ||
| 516 | _aElectronic text | ||
| 653 | _aFairy tales | ||
| 740 | 0 | _aLille pige med svovlstikkerne. English | |
| 830 | 0 |
_aProject Gutenberg _v12703 |
|
| 856 | 4 | 0 | _uhttp://www.gutenberg.org/ebooks/12703 |
| 942 | _cEB | ||
| 999 |
_c241958 _d241958 |
||